01109 a2200217 4500003000500000005001700005010001700022020001500039040000900054082001400063100002200077245013900099260004300238300003400281440003100315505041900346650003200765650003900797650003500836700002000871Nust20221013131013.0 a 2002070166 a8120324641 cNust00a573.8,ELI1 aEliasmith, Chris.10aNeural engineering :bcomputation, representation, and dynamics in neurobiological systems /cChris Eliasmith and Charles H. Anderson. aCambridge, Mass. :bMIT Press,cc2003. axii, 356 p. :bill. ;c24 cm. 0aComputational neuroscience aOf Neurons and Engineers (Page-1), Representation in Populations of Neurons (Page-29), Extending Population Representation (Page-61), Temporal Representation in Spiking Neurons (Page-81), Population-Temporal Representation (Page-129), Feed-Forward Transformations (Page-143), Analyzing Representation and Transformation (Page-185), Dynamic Transformations (Page-221), Statistical Inference and Learning (Page-275). 0aComputational neuroscience. 0aNeural networks (Computer science) 0aNeural networks (Neurobiology)1 aAnderson, C. H.